[Event "IECG CP.2000.Q.00021"]
[Site "IECG email"]
[Date "2001.10.01"]
[Round "?"]
[White "Arndt, Stefan"]
[Black "Brajnikov, Gennadii"]
[Result "1/2-1/2"]
[WhiteElo "2177"]
[BlackElo "1922"]
[PlyCount "72"]
[EventDate "2001.10.01"]
[EventType "tourn (corr)"]
[EventRounds "6"]
[SourceTitle "Corr 2008"]
[Source "ChessBase"]
[SourceDate "2008.06.24"]
[SourceVersion "1"]
[SourceVersionDate "2008.06.24"]
[SourceQuality "1"]

1. e4 c5 2. Nf3 d6 3. c3 Nf6 4. Be2 Bd7 5. e5 dxe5 6. Nxe5 e6 7. Nxd7 Nbxd7 8. 0-0 Bd6 9. d3 0-0 10. Nd2 Qc7 11. h3 Rad8 12. Nf3 b6 13. Qc2 h6 14. Rd1 Ne5 15. Be3 Nd5 16. Nd2 Nxe3 17. fxe3 Be7 18. Nf1 Bg5 19. Rac1 Ng6 20. d4 Ne7 21. Qe4 Nf5 22. Bd3 g6 23. b3 Rd7 24. Rc2 Nd6 25. Qg4 c4 26. bxc4 Nxc4 27. Qe2 Rc8 28. Bxc4 Qxc4 29. Qxc4 Rxc4 30. Kf2 f5 31. Nd2 Rc6 32. Nf3 Bf6 33. Ke2 h5 34. g4 hxg4 35. hxg4 Rdc7 36. Kd3 Kf7 1/2-1/2

[Event "IECG CP.2001.P.00029"]
[Site "IECG email"]
[Date "2001.10.01"]
[Round "?"]
[White "Blanc, Mauro"]
[Black "Brajnikov, Gennadii"]
[Result "0-1"]
[WhiteElo "800"]
[BlackElo "1922"]
[PlyCount "22"]
[EventDate "2001.10.01"]
[EventType "tourn (corr)"]
[EventRounds "6"]
[SourceTitle "Corr 2008"]
[Source "ChessBase"]
[SourceDate "2008.06.24"]
[SourceVersion "1"]
[SourceVersionDate "2008.06.24"]
[SourceQuality "1"]

1. e4 c5 2. Nf3 d6 3. d4 cxd4 4. Nxd4 Nf6 5. Nc3 a6 6. a3 h6 7. Bc4 e6 8. Bb3 Nc6 9. Be3 Qc7 10. 0-0 Be7 11. f4 0-0 0-1

[Event "IECG CP.2000.Q.00021"]
[Site "IECG email"]
[Date "2001.10.01"]
[Round "?"]
[White "Brajnikov, Gennadii"]
[Black "Balcazar Novoa, Luis Marcos"]
[Result "1/2-1/2"]
[WhiteElo "1922"]
[BlackElo "2077"]
[PlyCount "37"]
[EventDate "2001.10.01"]
[EventType "tourn (corr)"]
[EventRounds "6"]
[SourceTitle "Corr 2008"]
[Source "ChessBase"]
[SourceDate "2008.06.24"]
[SourceVersion "1"]
[SourceVersionDate "2008.06.24"]
[SourceQuality "1"]

1. Nf3 Nf6 2. c4 g6 3. Nc3 Bg7 4. e4 d6 5. d4 0-0 6. Be2 e5 7. 0-0 Nc6 8. d5 Ne7 9. Bg5 h6 10. Bxf6 Bxf6 11. b4 Kg7 12. a4 a5 13. b5 b6 14. Ra3 Kh7 15. h3 Bg7 16. Nb1 f5 17. Nbd2 Ng8 18. Nh2 Nf6 19. exf5 1/2-1/2

[Event "IECG CP.1999.S.00001"]
[Site "IECG email"]
[Date "2001.10.01"]
[Round "?"]
[White "Brajnikov, Gennadii"]
[Black "Gilles, Robert P"]
[Result "1-0"]
[WhiteElo "1922"]
[BlackElo "2101"]
[PlyCount "101"]
[EventDate "2001.10.01"]
[EventType "tourn (corr)"]
[EventRounds "6"]
[SourceTitle "Corr 2008"]
[Source "ChessBase"]
[SourceDate "2008.06.24"]
[SourceVersion "1"]
[SourceVersionDate "2008.06.24"]
[SourceQuality "1"]

1. Nf3 Nf6 2. c4 e6 3. d4 Bb4+ 4. Bd2 Qe7 5. g3 0-0 6. Bg2 a5 7. 0-0 Bxd2 8. Nbxd2 d6 9. Qc2 e5 10. e4 c5 11. d5 Bg4 12. Nh4 Na6 13. Qc3 Nc7 14. a4 b6 15. Rae1 Qd7 16. f3 Bh5 17. b3 Rfe8 18. Nf5 Bg6 19. Nh4 Qd8 20. f4 Na6 21. f5 Bh5 22. h3 Nd7 23. Bh1 Nb4 24. Rf2 f6 25. g4 Bf7 26. Nb1 Nb8 27. Bf3 N8a6 28. Bd1 Nc7 29. Qg3 Qe7 30. Rg2 Qf8 31. Nc3 Red8 32. Kf2 h6 33. Ke3 Rab8 34. Kd2 Qe8 35. Nf3 Kf8 36. g5 Ke7 37. gxf6+ gxf6 38. Qg7 Qg8 39. Nh4 Qxg7 40. Rxg7 Rd7 41. Bh5 Kf8 42. Reg1 Rbd8 43. Bf3 Nba6 44. Rh7 h5 45. Ng6+ Bxg6 46. fxg6 Kg8 47. Rxh5 Rg7 48. Nd1 Ne8 49. Ne3 Nb4 50. Bg4 f5 51. Bxf5 1-0

[Event "IECG CP.1999.S.00001"]
[Site "IECG email"]
[Date "2001.10.01"]
[Round "?"]
[White "Siefring, Carl L"]
[Black "Brajnikov, Gennadii"]
[Result "1-0"]
[WhiteElo "2247"]
[BlackElo "1922"]
[PlyCount "43"]
[EventDate "2001.10.01"]
[EventType "tourn (corr)"]
[EventRounds "6"]
[SourceTitle "Corr 2008"]
[Source "ChessBase"]
[SourceDate "2008.06.24"]
[SourceVersion "1"]
[SourceVersionDate "2008.06.24"]
[SourceQuality "1"]

1. e4 c5 2. Nf3 d6 3. d4 cxd4 4. Nxd4 Nf6 5. Nc3 a6 6. Bg5 e6 7. Qd3 b5 8. 0-0-0 b4 9. Nce2 Nbd7 10. Ng3 Qa5 11. Bxf6 Nxf6 12. Qc4 Bd7 13. Kb1 Qb6 14. Be2 Be7 15. f4 0-0 16. e5 dxe5 17. fxe5 Nd5 18. Qd3 Rfd8 19. Qf3 Be8 20. Nh5 Rac8 21. Rhf1 Bg5 22. Nxg7 1-0

[Event "IECG RB.2001.0.00001"]
[Site "IECG email"]
[Date "2001.04.29"]
[Round "?"]
[White "Brajnikov, Gennadii"]
[Black "Tritschler, Andreas"]
[Result "1-0"]
[WhiteElo "1955"]
[BlackElo "1831"]
[PlyCount "97"]
[EventDate "2001.04.29"]
[EventType "tourn (corr)"]
[EventRounds "6"]
[SourceTitle "Corr 2008"]
[Source "ChessBase"]
[SourceDate "2008.06.24"]
[SourceVersion "1"]
[SourceVersionDate "2008.06.24"]
[SourceQuality "1"]

1. d4 Nf6 2. c4 e6 3. Nc3 d5 4. cxd5 exd5 5. Bg5 Be7 6. e3 c6 7. Bd3 0-0 8. Qc2 Nbd7 9. Nge2 Re8 10. 0-0 Nf8 11. f3 Ng6 12. e4 dxe4 13. fxe4 Be6 14. h3 Qa5 15. Qd2 Rad8 16. Rad1 Qb6 17. Kh1 a6 18. b3 a5 19. Qc1 Qb4 20. Na4 Ra8 21. Bd2 Qa3 22. Qxa3 Bxa3 23. Nb6 Ra7 24. Be3 a4 25. Nxa4 Bd5 26. e5 Nh4 27. Nf4 Nh5 28. Rf2 Nxf4 29. Bxf4 Nxg2 30. Rxg2 Bxg2+ 31. Kxg2 b5 32. Nc3 Bb4 33. Rc1 Rd8 34. Bb1 Ra6 35. Ne2 Ba3 36. Rd1 Be7 37. Ng3 g6 38. Ne4 h5 39. Be3 Kf8 40. Rd2 Bh4 41. Nc5 Ra3 42. Be4 Be7 43. Rf2 Bxc5 44. dxc5 Re8 45. Bxc6 Rxe5 46. Bd4 Rg5+ 47. Kh2 Ra7 48. Bxb5 Rd5 49. Rd2 1-0

[Event "IECG RB.2001.0.00001"]
[Site "IECG email"]
[Date "2001.04.29"]
[Round "?"]
[White "Krensing, Jan"]
[Black "Brajnikov, Gennadii"]
[Result "1-0"]
[WhiteElo "1887"]
[BlackElo "1955"]
[PlyCount "67"]
[EventDate "2001.04.29"]
[EventType "tourn (corr)"]
[EventRounds "6"]
[SourceTitle "Corr 2008"]
[Source "ChessBase"]
[SourceDate "2008.06.24"]
[SourceVersion "1"]
[SourceVersionDate "2008.06.24"]
[SourceQuality "1"]

1. d4 Nf6 2. c4 e6 3. Nc3 Bb4 4. Qc2 c5 5. dxc5 Qc7 6. Nf3 Bxc5 7. g3 Qb6 8. e3 a6 9. Bg2 Qc7 10. 0-0 Be7 11. b3 d6 12. Bb2 Nbd7 13. Nd4 0-0 14. Rac1 Ne5 15. Rfd1 Bd7 16. Qe2 Rac8 17. e4 Rfd8 18. f4 Nc6 19. Nc2 Qa5 20. Ne3 Qb6 21. Kh1 Qa7 22. a3 b6 23. b4 Kh8 24. Rc2 Nb8 25. g4 Bc6 26. g5 Ne8 27. Qh5 Kg8 28. Rd3 g6 29. Qh6 Bf8 30. Qh4 Bg7 31. Ng4 Nd7 32. Rh3 Nf8 33. f5 exf5 34. exf5 1-0

[Event "IECG CP.1999.Q.00009"]
[Site "IECG email"]
[Date "2000.10.01"]
[Round "?"]
[White "Brajnikov, Gennadii"]
[Black "Kulczycki, Michael"]
[Result "1-0"]
[WhiteElo "1861"]
[BlackElo "1718"]
[PlyCount "55"]
[EventDate "2000.10.01"]
[EventType "tourn (corr)"]
[EventRounds "8"]
[EventCountry "RUS"]
[SourceTitle "Corr 2008"]
[Source "ChessBase"]
[SourceDate "2008.06.24"]
[SourceVersion "1"]
[SourceVersionDate "2008.06.24"]
[SourceQuality "1"]

1. e4 c6 2. d4 d5 3. e5 Bf5 4. Nc3 e6 5. g4 Bg6 6. Nge2 c5 7. h4 h6 8. f4 Be7 9. Bg2 Bxh4+ 10. Kf1 Be7 11. f5 Bh7 12. Nf4 Qd7 13. Nh5 Bf8 14. dxc5 Nc6 15. Nb5 Bxc5 16. c4 Nxe5 17. Qe2 Nxc4 18. Bxd5 Qxb5 19. Bxc4 Qb6 20. fxe6 Kf8 21. exf7 Nf6 22. Nxg7 Bd3 23. Qxd3 Kxg7 24. Qf5 Be3 25. Bxe3 Qxe3 26. Re1 Qd4 27. f8Q+ Kxf8 28. Re4 1-0

[Event "IECG WC.2003.P.00014 email"]
[Site "IECG email"]
[Date "2000.??.??"]
[Round "?"]
[White "Brajnikov, Gennadii"]
[Black "Ellis, Roy Dominic"]
[Result "0-1"]
[WhiteElo "1833"]
[BlackElo "2111"]
[PlyCount "48"]
[EventDate "2000.01.26"]
[EventType "tourn (corr)"]
[EventRounds "10"]
[SourceTitle "Corr 2008"]
[Source "ChessBase"]
[SourceDate "2008.06.24"]
[SourceVersion "1"]
[SourceVersionDate "2008.06.24"]
[SourceQuality "1"]

1. e4 c5 2. Nf3 e6 3. d4 cxd4 4. Nxd4 Nf6 5. Nc3 d6 6. Be2 Be7 7. Be3 Nc6 8. 0-0 0-0 9. Nb3 a6 10. a4 b6 11. f4 Qc7 12. Bf3 Bb7 13. Qd2 Rfe8 14. g3 Rac8 15. Rfd1 Nb8 16. a5 b5 17. Qg2 Nbd7 18. Rd4 Nc5 19. Nxc5 Qxc5 20. Rd3 Qb4 21. Ra2 Rc4 22. Qf1 e5 23. Bd2 Qc5+ 24. Be3 Qc8 0-1

[Event "IECG WC.2003.P.00014 email"]
[Site "IECG email"]
[Date "2000.??.??"]
[Round "?"]
[White "Granz, Burkhard"]
[Black "Brajnikov, Gennadii"]
[Result "1-0"]
[WhiteElo "1833"]
[BlackElo "1833"]
[PlyCount "61"]
[EventDate "2000.01.26"]
[EventType "tourn (corr)"]
[EventRounds "10"]
[SourceTitle "Corr 2008"]
[Source "ChessBase"]
[SourceDate "2008.06.24"]
[SourceVersion "1"]
[SourceVersionDate "2008.06.24"]
[SourceQuality "1"]

1. e4 c5 2. Nf3 d6 3. d4 cxd4 4. Nxd4 Nf6 5. Nc3 Nc6 6. Bg5 e6 7. Qd2 a6 8. 0-0-0 h6 9. Be3 Bd7 10. f3 Qc7 11. g4 Ne5 12. h4 b5 13. Rg1 g6 14. g5 hxg5 15. hxg5 Nh5 16. f4 b4 17. Nb1 Nc4 18. Bxc4 Qxc4 19. b3 Qc8 20. Qxb4 e5 21. Ne2 Bg4 22. Rd2 Bxe2 23. Rxe2 exf4 24. Bd4 Rh7 25. Nc3 Qc6 26. Nd5 Rc8 27. c4 Bg7 28. e5 f3 29. Ree1 Nf4 30. Nxf4 d5 31. c5 1-0

[Event "IECG WC.2003.P.00014 email"]
[Site "IECG email"]
[Date "2000.??.??"]
[Round "?"]
[White "Medveski, Mike"]
[Black "Brajnikov, Gennadii"]
[Result "1/2-1/2"]
[WhiteElo "1603"]
[BlackElo "1833"]
[PlyCount "70"]
[EventDate "2000.01.26"]
[EventType "tourn (corr)"]
[EventRounds "10"]
[SourceTitle "Corr 2008"]
[Source "ChessBase"]
[SourceDate "2008.06.24"]
[SourceVersion "1"]
[SourceVersionDate "2008.06.24"]
[SourceQuality "1"]

1. e4 c5 2. Nf3 d6 3. Bb5+ Bd7 4. Bxd7+ Qxd7 5. c4 Nf6 6. Nc3 Nc6 7. 0-0 e6 8. d4 cxd4 9. Nxd4 Be7 10. b3 0-0 11. Bb2 a6 12. Re1 Rac8 13. a3 Rfd8 14. Rc1 b6 15. Nxc6 Qxc6 16. Re3 Qb7 17. Qe2 g6 18. Rh3 h5 19. Rd1 Qc6 20. Rhd3 Rd7 21. Qf3 Ng4 22. Ne2 Rdc7 23. Nf4 b5 24. cxb5 Qxb5 25. R3d2 Rc2 26. Qd3 Qxd3 27. Nxd3 Bf6 28. f3 Bxb2 29. Nxb2 Ne3 30. Nc4 R2xc4 31. bxc4 Nxd1 32. Rxd1 Rc6 33. Kf2 Kf8 34. Ke3 Ke7 35. Kd4 Rb6 1/2-1/2

[Event "IECG C1.2000.0.00282"]
[Site "IECG email"]
[Date "2000.??.??"]
[Round "?"]
[White "Pijl, Richard"]
[Black "Brajnikov, Gennadii"]
[Result "1-0"]
[WhiteElo "1990"]
[BlackElo "1892"]
[PlyCount "59"]
[EventDate "2000.05.20"]
[EventType "tourn (corr)"]
[EventRounds "5"]
[SourceTitle "Corr 2008"]
[Source "ChessBase"]
[SourceDate "2008.06.24"]
[SourceVersion "1"]
[SourceVersionDate "2008.06.24"]
[SourceQuality "1"]

1. e4 c6 2. d4 d5 3. e5 Bf5 4. Nf3 e6 5. Be2 Nd7 6. 0-0 Ne7 7. Nh4 Bg6 8. Nd2 c5 9. c3 Qb6 10. Nxg6 Nxg6 11. Nf3 cxd4 12. cxd4 Be7 13. Qa4 a6 14. Bd2 Qd8 15. Rfc1 0-0 16. Qb3 Rb8 17. Bd3 Qb6 18. Qa4 Qd8 19. Rc2 Re8 20. Rac1 Nb6 21. Qb3 Na8 22. g3 Qd7 23. h4 Rec8 24. h5 Nf8 25. h6 g6 26. a4 Bd8 27. Bg5 Rxc2 28. Rxc2 Bxg5 29. Nxg5 Rc8 30. Bb5 1-0